• 首页
  • 本馆介绍
  • 公告通知
  • 最新文献
  • 馆藏检索
  • 电子资源
  • 读者导购
  • 参考咨询
  • 我的图书馆
  • 登录
  • 详细信息显示
  • 放入我的书架
  • 预约/预借图书
  • 作者相关作品
  • 分类相关作品
  • 丛书相关作品
  • 出版社相关作品

书目信息

  • 表格格式
  • 工作单格式
  • 卡片格式
题名:
农业科研财务管理探索与实践
    
 
作者: 刘春和 主编
分册:  
出版信息: 沈阳   东北大学出版社  2012
页数: 365页
开本: 24cm
丛书名:
单 册:
中图分类: S-242
科图分类:
主题词: 农业科学--研究机构--财务管理--中国--文集 , 农业科学 , 研究机构 , 财务管理
电子资源:
ISBN: 978-7-5517-0198-3
000 00985nam0 2200277 450
001 2373455365
005 20231215202441.67
010    @a978-7-5517-0198-3@d48.00CNY
090    @aS-2@blch
096    @aS-2@blch
100    @a20121025d2012 em y0chiy0120 ea
101 0  @achi
102    @aCN@b210000
105    @ay z 000yy
200 1  @a农业科研财务管理探索与实践@b专著@f刘春和主编@Anong ye ke yan cai wu guan li tan suo yu shi jian
210    @a沈阳@c东北大学出版社@d2012
215    @a365页@d24cm
330    @a本书围绕预算管理、项目资金管理、财务管理模式创新、经验总结等展开论述。其中不乏思路开阔、观点新颖、论述有据、献策具体的佳作,对省级农业科研单位财务管理水平的不断提高具有重要意义。全书共分3篇,收录论文74篇。
606 0  @a农业科学@x研究机构@x财务管理@y中国@j文集
606 0  @a农业科学
606 0  @a研究机构
606 0  @a财务管理
690    @aS-242@v5
701  0 @a刘春和@f(1966~)@4主编@Aliu chun he
801  2 @aCN@b辽宁北配@c20231205
905    @aBZT@dS-242@e2
    
    农业科研财务管理探索与实践/刘春和主编.-沈阳:东北大学出版社,2012
    365页;24cm
    
    
    ISBN 978-7-5517-0198-3:48.00CNY
    本书围绕预算管理、项目资金管理、财务管理模式创新、经验总结等展开论述。其中不乏思路开阔、观点新颖、论述有据、献策具体的佳作,对省级农业科研单位财务管理水平的不断提高具有重要意义。全书共分3篇,收录论文74篇。
●
相关链接 在五车中查询图书 在当当中查询图书 在豆瓣中查询图书


正题名:农业科研财务管理探索与实践     索取号:S-242/2         预约/预借

序号 登录号 条形码 馆藏地/架位号 状态 备注
1 2001621719   2001621719   辽三/辽宁北配(第三批)/2576/ [索取号:S-242/2] 在馆    
2 2001621720   2001621720   辽三/辽宁北配(第三批)/2576/ [索取号:S-242/2] 在馆    
3 2001621721   2001621721   辽三/辽宁北配(第三批)/2576/ [索取号:S-242/2] 在馆    
4 2001621722   2001621722   辽三/辽宁北配(第三批)/2576/ [索取号:S-242/2] 在馆    
5 2001621723   2001621723   辽三/辽宁北配(第三批)/2576/ [索取号:S-242/2] 在馆    
6 2001621724   2001621724   辽三/辽宁北配(第三批)/2576/ [索取号:S-242/2] 在馆    
7 2001621725   2001621725   辽三/辽宁北配(第三批)/2576/ [索取号:S-242/2] 在馆    
8 2001621726   2001621726   辽三/辽宁北配(第三批)/2576/ [索取号:S-242/2] 在馆    
9 2001621727   2001621727   辽三/辽宁北配(第三批)/2576/ [索取号:S-242/2] 在馆    
10 2001621728   2001621728   辽三/辽宁北配(第三批)/2576/ [索取号:S-242/2] 在馆    
11 2001621729   2001621729   辽三/辽宁北配(第三批)/2576/ [索取号:S-242/2] 在馆    
12 2001621730   2001621730   辽三/辽宁北配(第三批)/2576/ [索取号:S-242/2] 在馆    
13 2001621731   2001621731   辽三/辽宁北配(第三批)/2576/ [索取号:S-242/2] 在馆    
14 2001621732   2001621732   辽三/辽宁北配(第三批)/2576/ [索取号:S-242/2] 在馆    
15 2001621733   2001621733   辽三/辽宁北配(第三批)/2576/ [索取号:S-242/2] 在馆    
16 2001621734   2001621734   辽三/辽宁北配(第三批)/2576/ [索取号:S-242/2] 在馆    
17 2001621735   2001621735   辽三/辽宁北配(第三批)/2576/ [索取号:S-242/2] 在馆    
18 2001621736   2001621736   辽三/辽宁北配(第三批)/2576/ [索取号:S-242/2] 在馆    
19 2001621737   2001621737   辽三/辽宁北配(第三批)/2576/ [索取号:S-242/2] 在馆    
20 2001621738   2001621738   辽三/辽宁北配(第三批)/2576/ [索取号:S-242/2] 在馆    
21 2001621739   2001621739   辽三/辽宁北配(第三批)/2576/ [索取号:S-242/2] 在馆    
22 2001621740   2001621740   辽三/辽宁北配(第三批)/2576/ [索取号:S-242/2] 在馆    
23 2001621741   2001621741   辽三/辽宁北配(第三批)/2576/ [索取号:S-242/2] 在馆    
24 2001621742   2001621742   辽三/辽宁北配(第三批)/2576/ [索取号:S-242/2] 在馆    
25 2001621743   2001621743   辽三/辽宁北配(第三批)/2576/ [索取号:S-242/2] 在馆    
26 2001621744   2001621744   辽三/辽宁北配(第三批)/2576/ [索取号:S-242/2] 在馆    
27 2001621745   2001621745   辽三/辽宁北配(第三批)/2576/ [索取号:S-242/2] 在馆    
28 2001621746   2001621746   辽三/辽宁北配(第三批)/2576/ [索取号:S-242/2] 在馆    
29 2001621747   2001621747   辽三/辽宁北配(第三批)/2576/ [索取号:S-242/2] 在馆    
30 2001621748   2001621748   辽三/辽宁北配(第三批)/2576/ [索取号:S-242/2] 在馆    
山东省滨州职业学院图书馆 欢迎您!
大连网信软件有限公司© 版权所有